000 00888nam a22002297a 4500
005 20080922101333.0
008 080922t xxu||||| |||| 00| 0 eng d
020 _c325.00
_a8170001994
035 _aA-904933
040 _aEss Ess Publication
_bEnglish
082 _a020.0954 RAM
100 _aL.S.Ramaiah
_942903
245 _aLibrary and Information Science in India:
_bGlimpses and Reflections/
260 _aNew Delhi
_bEss Ess Publications
_c1996
270 _bConnaught Place, New Delhi
_e110001
300 _a195p.
_c22cm
490 _aLexisNexis student series
_942908
700 _aNisa Fasil
_942905
942 _2ddc
_cEN
_mRAM
_h020.0954
999 _c63390
_d63390